000 00332nam a2200145Ia 4500
005 20251222141804.0
008 251222s9999||||xx |||||||||||||| ||spa||
020 _a950-02-5819-6
082 _a371.2/M28
100 _aMateri, Lilia E.
245 0 _aAdministración Escolar:
250 _a5a.ed.
264 _bAteneo
942 _cLIB
999 _c6257
_d6257